| 000 | 01076 a2200253 4500 | ||
|---|---|---|---|
| 003 | Nust | ||
| 005 | 20230206120842.0 | ||
| 010 | _a 99188034 | ||
| 020 | _a0195778510 | ||
| 035 | _a(OCoLC)40750869 | ||
| 040 | _cNust | ||
| 082 | 0 | 0 | _a954.9042,JIN |
| 245 | 0 | 0 |
_aJinnah, the founder of Pakistan : _bin the eyes of his contemporaries and his documentary records at Lincoln's Inn / _ccompiled and edited by Saleem Qureshi. |
| 260 |
_aKarachi ; _aOxford : _bOxford University Press, _c1998. |
||
| 300 |
_axii, 122 p. : _bill., facsims. ; _c23 cm. |
||
| 505 | _aJinnah an Introduction (Page-1), Jinnah Contemporary Views (Page-9), Jinnah a Retrospective View (Page-41), Jinnah Speeches (Page-82), Chronology (Page-105). | ||
| 600 | 1 | 0 |
_aJinnah, Mahomed Ali, _d1876-1948. |
| 650 | 0 | _aPakistan movement. | |
| 651 | 0 |
_aPakistan _xPolitics and government. |
|
| 700 | 1 |
_aJinnah, Mahomed Ali, _d1876-1948. _9108653 |
|
| 700 | 1 |
_aQuershi, Saleem, _d1938- _9108654 |
|
| 856 | 4 | 2 |
_3Publisher description _uhttp://www.loc.gov/catdir/enhancements/fy0635/99188034-d.html |
| 942 |
_2ddc _cBK |
||
| 999 |
_c187497 _d187497 |
||